Androgyny and female impresonation in india / (Record no. 141708)

MARC details
000 -LEADER
fixed length control field 00610nam a22002057a 4500
005 - DATE AND TIME OF LATEST TRANSACTION
control field 20170621150342.0
010 ## - LCCN (DPL NO)
LC control number ENG-118841
020 ## - INTERNATIONAL STANDARD BOOK NUMBER
International Standard Book Number 9789385285462
Terms of availability 795.00
035 ## - SYSTEM CONTROL NUMBER
System control number EN-102373
037 ## - SOURCE OF ACQUISITION
Source of stock number/acquisition DBAD/PUB
082 ## - DEWEY DECIMAL CLASSIFICATION NUMBER
Classification number 155.33
100 ## - MAIN ENTRY--PERSONAL NAME
Personal name Bhav, Nari
245 ## - TITLE STATEMENT
Title Androgyny and female impresonation in india /
Statement of responsibility, etc by Nari Bhav
260 ## - PUBLICATION, DISTRIBUTION, ETC. (IMPRINT)
Place of publication, distribution, etc New Delhi
Name of publisher, distributor, etc Niyogi Books
Date of publication, distribution, etc 2016
270 ## - ADDRESS
Address D-78, Okhla Industrial Area, New Delhi-110020, India
300 ## - PHYSICAL DESCRIPTION
Extent 356p
Other physical details ill.
Dimensions 22cm.(Hb)
700 ## - ADDED ENTRY--PERSONAL NAME
Personal name Mukherjee, Tutun
700 ## - ADDED ENTRY--PERSONAL NAME
Personal name Chaterjee, Niladri R.
942 ## - ADDED ENTRY ELEMENTS (KOHA)
Source of classification or shelving scheme Dewey Decimal Classification
Item type English Books
Classification part 155.33
Call number suffix BHA
Holdings
Withdrawn status Lost status Not for loan Collection code Home library Current library Date acquired Source of acquisition Cost, normal purchase price Full call number Barcode Copy number Cost, replacement price Koha item type
    Not For Loan Non-fiction D.B.Act.Division Bawana 21/06/2017 DBAD/PUB 795.00 155.33 BHA EN-102373 1 795.00 English Books

© Delhi Public Library
Hit Counter
free hit counter